000 01481nam a2200337Ia 4500
001 ebr10159541
003 CaPaEBR
006 m u
007 cr cn|||||||||
008 021231r20031999mnu s 000 0deng d
020 _z0816642664 (pbk. : alk. paper)
040 _aCaPaEBR
_cCaPaEBR
035 _a(OCoLC)560283893
050 1 4 _aF614.D8
_bC756 2003eb
082 0 4 _a977.6/771053
_221
100 1 _aCook, Sam.
245 1 0 _aFriendship fires
_h[electronic resource] /
_cSam Cook ; illustrations by Terry Maciej.
250 _a1st University of Minnesota Press ed.
260 _aMinneapolis :
_bUniversity of Minnesota Press,
_c2003.
300 _a180 p.
500 _aOriginally published: Duluth : Pfeifer-Hamilton, 1999.
500 _aA collection of stories and columns originally appearing in the Duluth news tribune.
533 _aElectronic reproduction.
_bPalo Alto, Calif. :
_cebrary,
_d2009.
_nAvailable via World Wide Web.
_nAccess may be limited to ebrary affiliated libraries.
600 1 0 _aCook, Sam
_vAnecdotes.
650 0 _aOutdoor life
_zMinnesota
_zDuluth Region
_vAnecdotes.
651 0 _aDuluth Region (Minn.)
_xDescription and travel
_vAnecdotes.
651 0 _aDuluth Region (Minn.)
_xSocial life and customs
_y20th century
_vAnecdotes.
655 7 _aElectronic books.
_2local
710 2 _aebrary, Inc.
856 4 0 _uhttp://site.ebrary.com/lib/rucke/Doc?id=10159541
_zAn electronic book accessible through the World Wide Web; click to view
999 _c244814
_d244814